000 00305nam a22001337a 4500
008 170411b xxu||||| |||| 00| 0 eng d
020 _a9780323020084
041 _aeng
080 _28 ED
_a618
100 _a10
101 _aSHM
245 _aMATERNITY WOMENS HEALTH CARE
_cALDEN.K.R
942 _2udc
_cBK
999 _c10302
_d10302